[Event "CRO-chT4 South"]
[Site "Zadar"]
[Date "2013.05.05"]
[Round "2.5"]
[White "Belinic, Nina"]
[Black "Sindija, Jerolim"]
[Result "1-0"]
[WhiteElo "1801"]
[BlackElo "1661"]
[PlyCount "63"]
[EventDate "2013.04.28"]
[EventType "team-tourn"]
[EventRounds "7"]
[EventCountry "CRO"]
[SourceTitle "EXT 2014"]
[Source "ChessBase"]
[SourceDate "2013.11.20"]
[SourceVersion "1"]
[SourceVersionDate "2013.11.20"]
[SourceQuality "1"]
[WhiteTeam "Split Student"]
[BlackTeam "Bibinje Goran II"]
[WhiteTeamCountry "CRO"]
[BlackTeamCountry "CRO"]

1. e4 e5 2. Nf3 Nc6 3. d4 exd4 4. Bc4 d6 5. Nxd4 Bd7 6. 0-0 Nf6 7. Re1 Ne5 8. Nd2 c5 9. N4b3 Be7 10. f4 Nxc4 11. Nxc4 0-0 12. h3 Bb5 13. Ncd2 Qb6 14. c4 Bc6 15. Qc2 h6 16. Nf3 Rfe8 17. Nbd2 Qc7 18. Nf1 b5 19. b3 a5 20. Rb1 Bd8 21. Ng3 Qb7 22. Nd2 Nh7 23. Bb2 Bh4 24. Nf5 Bxe1 25. Rxe1 f6 26. Nxd6 Qc7 27. Nxe8 Rxe8 28. cxb5 Bxb5 29. e5 fxe5 30. Bxe5 Qc6 31. Ne4 Rc8 32. Qc3 1-0